000
00218 a2200097 4500
001
19481
100
_a
Pretty R T
245
_a
JANE'S weapon systems 1972-73
260
_a
_b
Sampson Low
_c
1973
090
_c
14246
_d
14246
942
_a
NUST-CAE
_c
M
_c
4721
999
_c
254554
_d
254554